000 00727nam a2200229 a 4500
001 C01491541c-8
003 CO-ViMGA
005 20230915234535.0
008 150925s2015 ck gr 00010dspa d
020 _a9584244302
020 _a9789584244307
040 _aCO-ViMGA
_bspa
_cCO-ViMGA
082 0 4 _a248.4
_bL46l
100 1 _aLinero Gómez, Alberto José,
_d1968-
_96151
245 1 3 _aLa luz al final del túnel puedes ser tú :
_bsigue adelante cuando todo se derrumba /
_cPadre Alberto Linero.
260 _aBogotá :
_bDiana,
_c2015.
300 _a212 páginas ;
_c23 cm.
600 0 4 _aJesucristo
_x Enseñanzas.
_99001
650 1 4 _aEspiritualidad.
_9281
650 1 4 _aVida cotidiana.
_99002
942 _2ddc
_cBK
999 _c37858
_d37858